Dramatic music. Part I /

Bibliographic Details
Main Author: Purcell, Henry, 1659-1695
Corporate Author: Purcell Society
Other Authors: Gray, Alan, 1855-1935 (Editor)
Format: Musical Score Book
Language:English
Language Notes:English words; also printed as text in Introduction.
Published: London : New York : Novello ; H.W. Gray, 1906.
Series:Purcell, Henry, 1659-1695. Works. 1878 ; v. 16.
Subjects:

MARC

Tag First Indicator Second Indicator Subfields
LEADER 00000ccm a2200000Ia 4500
001 in00001663503
005 20210930122736.0
008 020312s1906 enkmua dhi n eng d
028 3 0 |a 12258  |b Novello 
035 |a (OCoLC)ocm49300298 
040 |a TXA  |c TXA  |d UtOrBLW 
041 0 |a eng  |e eng  |g eng 
045 |a u8u9 
047 |a sg  |a df  |a su 
049 |a TXAM 
090 |a M3  |b .P93 1878 v. 16 
100 1 |a Purcell, Henry,  |d 1659-1695. 
240 1 0 |a Works.  |k Selections 
245 1 0 |a Dramatic music.  |n Part I /  |c composed by Henry Purcell ; edited by Alan Gray. 
264 1 |a London :  |b Novello ;  |a New York :  |b H.W. Gray,  |c 1906. 
300 |a 1 score (xxxiii, 222 pages) ;  |c 38 cm. 
336 |a notated music  |b ntm  |2 rdacontent 
337 |a unmediated  |b n  |2 rdamedia 
338 |a volume  |b nc  |2 rdacarrier 
490 1 |a Works of Henry Purcell ;  |v v. 16 
500 |a For 1-3 solo voices, in part with chorus, and instruments. 
546 |a English words; also printed as text in Introduction. 
500 |a Published under the supervision of the Purcell Society. 
500 |a Errata inserted. 
505 0 |a Adbelazer; or, the Moor's revenge -- Amphityron; or, the two Socias -- Aureng-Zebe -- Bonduca; or, the British heroine -- The Canterbury guests; or, A bargain broken -- Circe -- Cleomenes, the Spartan hero -- Distressed innocence; or, the Princess of Persia -- The comical history of Don Quixote (Part I.) -- The comical history of Don Quixote (Part II.) -- The comical history of Don Quixote (Part III.) -- The double dealer -- The double marriage -- The English lawyer -- Epsom Wells. 
650 0 |a Incidental music  |v Scores. 
650 0 |a Songs with continuo. 
650 0 |a Choruses, Secular (Mixed voices) with instrumental ensemble. 
650 0 |a Suites. 
650 0 |a Instrumental music  |v Scores. 
700 1 |a Gray, Alan,  |d 1855-1935,  |e editor. 
700 1 2 |a Purcell, Henry,  |d 1659-1695.  |t Abdelazer. 
700 1 2 |a Purcell, Henry,  |d 1659-1695.  |t Amphitryon. 
700 1 2 |a Purcell, Henry,  |d 1659-1695.  |t I see she flies me. 
700 1 |a Purcell, Henry,  |d 1659-1695.  |t Bonduca. 
700 1 2 |a Purcell, Henry,  |d 1659-1695.  |t Canterbury guests. 
700 1 2 |a Purcell, Henry,  |d 1659-1695.  |t Circe. 
700 1 2 |a Purcell, Henry,  |d 1659-1695.  |t Cleomenes, the Spartan hero. 
700 1 2 |a Purcell, Henry,  |d 1659-1695.  |t Distressed innocence. 
700 1 2 |a Purcell, Henry,  |d 1659-1695.  |t Double dealer. 
700 1 2 |a Purcell, Henry,  |d 1659-1695.  |t Double marriage. 
700 1 |a Purcell, Henry,  |d 1659-1695.  |t Don Quixote. 
700 1 2 |a Purcell, Henry,  |d 1659-1695.  |t English lawyer. 
700 1 2 |a Purcell, Henry,  |d 1659-1695.  |t Epsom Wells. 
710 2 |a Purcell Society. 
800 1 |a Purcell, Henry,  |d 1659-1695.  |t Works.  |f 1878 ;  |v v. 16. 
948 |a cataloged  |b h  |c 2002/3/12  |d o  |e fpiscitelli  |f 11:43:47 am 
994 |a E0  |b TXA 
949 |a updated  |b h  |c 2002/3/13  |e fpiscitelli  |f 9:54:37 am 
999 |a MARS 
999 f f |s d65c6831-3e62-3aeb-9fd6-ccedc3ed528c  |i a7a75458-d9b9-347a-9a75-6274b734d40c  |t 0 
952 f f |p ric  |a Texas A&M University  |b Rellis Campus  |c Joint Library Facility  |d Remote Storage  |t 0  |e M3 .P93 1878 v.16  |h Library of Congress classification  |i unmediated -- volume  |m A14828463083 
998 f f |a M3 .P93 1878 v.16  |t 0  |l Remote Storage